[Event "Titled Tue 3rd Dec Early"]
[Site "chess.com INT"]
[Date "2024.12.03"]
[Round "9"]
[White "Nakamura,Hi"]
[Black "Lazavik,Denis"]
[Result "0-1"]
[WhiteElo "2802"]
[BlackElo "2578"]

1.b3 d5 2.Bb2 Nf6 3.e3 e6 4.c4 Be7 5.Nf3 O-O 6.Nc3 c5 7.cxd5 exd5 8.Rc1 Nc6
9.Na4 Ne4 10.d3 Qa5+ 11.Nd2 Ng5 12.Be2 d4 13.O-O Ne6 14.a3 Bd7 15.Ne4 Rac8
16.Kh1 Rfd8 17.Bg4 b6 18.Bh3 Qb5 19.Rb1 Na5 20.Ba1 Nxb3 21.Nac3 dxc3 22.Rxb3 Qc6
23.Bxc3 c4 24.Rb2 cxd3 25.Qxd3 Be8 26.Qb1 Qb7 27.Be5 Bc6 28.f3 Bd5 29.Bg3 Rc4
30.Nd2 Rc3 31.e4 Bc6 32.Be5 Rcd3 33.Nc4 Qd7 34.Qa1 Rd1 35.Rb1 Rxb1 36.Rxb1 Bf8
37.Ne3 Qe8 38.Bg3 Nc5 39.Bg4 Bd7 40.h4 Bxg4 41.Nxg4 h5 42.Ne3 Qe6 43.Nd5 Bd6
44.Bxd6 Qxd6 45.Rd1 Kf8 46.Ne3 Qe7 47.Nf5 Rxd1+ 48.Qxd1 Qf6 49.Qd5 Ne6 50.g3 g6
51.Qa8+ Qd8 52.Qxd8+ Nxd8 53.Nd4 Ke7 54.Kg2 Ne6 55.Nc6+ Kd6 56.Nxa7 Nd4 57.g4 Kc5
58.gxh5 gxh5 59.a4 Ne2 60.Nc8 Nf4+ 61.Kg3 Ne2+ 62.Kf2 Nc3 63.e5 Nxa4 64.Nd6 Kd5
65.Nxf7 Ke6 66.Nd6 Kxe5 67.Nb5 Nc5 68.Ke3 Ne6 69.Na3 Kd5 70.f4 Ng7 71.Kf3 Nf5
72.Nb1 Nxh4+ 73.Kg3 Nf5+ 74.Kf3 b5 75.Nc3+ Kc4 76.Ne2 b4 77.Ke4 b3  0-1

[Event "Titled Tue 3rd Dec Late"]
[Site "chess.com INT"]
[Date "2024.12.03"]
[Round "9"]
[White "Nakamura,Hi"]
[Black "Firouzja,Alireza"]
[Result "1/2-1/2"]
[WhiteElo "2802"]
[BlackElo "2763"]

1.b3 Nf6 2.Bb2 g6 3.Bxf6 exf6 4.e3 f5 5.d4 Bg7 6.g3 d5 7.Bg2 O-O 8.Ne2 c6
9.O-O Nd7 10.c4 dxc4 11.bxc4 c5 12.Nd2 Rb8 13.a4 Re8 14.a5 cxd4 15.exd4 Nc5
16.Nf3 Ne4 17.Qc2 Bd7 18.Rfd1 Rc8 19.Nf4 Qc7 20.c5 Bc6 21.Nd3 Red8 22.Nb4 Bb5
23.Qb3 a6 24.Bf1 Bxf1 25.Kxf1 Qd7 26.Kg1 Qb5 27.Rab1 Qe2 28.Rb2 Qb5 29.Rbb1 Rd7
30.Qa3 Qe2 31.Qe3 Qxe3 32.fxe3 Nc3 33.Rdc1 Nxb1 34.Rxb1 Re8 35.Kf2 Bf6 36.Nd3 Kg7
37.Nb2 Re6 38.Nc4 h6 39.Rb3 g5 40.Nd6 Rexd6 41.cxd6 Rxd6 42.Rxb7 Rd5 43.Nd2 f4
44.Nb3 fxe3+ 45.Kxe3 g4 46.Ke4 Rh5 47.Nc5 Rxh2 48.Ne6+ Kg6 49.Nf4+ Kg7 50.Kf5 Bg5
51.Ne6+ Kg8 52.Rb8+ Kh7 53.Nxg5+ hxg5 54.Rb6 Rd2 55.Ke4 Rg2 56.Rxa6 Rxg3
57.d5 Ra3 58.d6 g3 59.Rb6 g2 60.Rb1 Ra4+ 61.Kf3 Rxa5 62.Ke4 f5+ 63.Kd4 f4
64.Ke4 Ra8 65.Kf3 Rd8 66.Rd1 Kg6 67.Kxg2 g4 68.d7 Kf5 69.Kf2 Ke6 70.Rd4 g3+
71.Kf3 Rxd7 72.Rxf4 Rg7 73.Kg2 Ke5 74.Rf3 Rg6 75.Rxg3 Rxg3+ 76.Kxg3  1/2-1/2

[Event "Titled Tue 3rd Dec Late"]
[Site "chess.com INT"]
[Date "2024.12.03"]
[Round "10"]
[White "Boyer,Mahel"]
[Black "Nakamura,Hi"]
[Result "0-1"]
[WhiteElo "2526"]
[BlackElo "2802"]

1.e4 c5 2.d3 g6 3.g3 Bg7 4.Bg2 Nc6 5.f4 d6 6.Nf3 Nf6 7.O-O O-O 8.Nc3 Rb8
9.h3 b5 10.g4 b4 11.Ne2 Nd7 12.Rb1 a5 13.Be3 a4 14.b3 axb3 15.axb3 Ra8 16.Qd2 Ra2
17.Nc1 Ra5 18.Ne2 e6 19.f5 Nde5 20.Nxe5 Nxe5 21.Bh6 f6 22.Bxg7 Kxg7 23.d4 Nf7
24.fxe6 Bxe6 25.Nf4 Qe7 26.Ra1 Rfa8 27.Rxa5 Rxa5 28.Qf2 cxd4 29.Qxd4 Ra2
30.Rf2 Ne5 31.Qxb4 Bf7 32.Qd4 Qc7 33.c4 Ra3 34.Qb2 Qc5 35.g5 Kg8 36.gxf6 g5
37.b4 Qa7 38.b5 Qc5 39.b6 Ra8 40.b7 Rb8 41.Nd5 Nd3 42.Ne7+ Kf8 43.Qd2 Nxf2
44.Qxf2 Qxf2+ 45.Kxf2 Rxb7 46.Nf5 Rd7 47.Bf1 Bg6 48.Nd4 Kf7 49.Ke3 Kxf6 50.Nf3 Ra7
51.Kd4 Ra1 52.Be2 Rh1 53.e5+ dxe5+ 54.Nxe5 Rxh3 55.Bg4 Rh4 56.c5 Bf5 57.c6 Bxg4  0-1

[Event "Titled Tue 3rd Dec Early"]
[Site "chess.com INT"]
[Date "2024.12.03"]
[Round "10"]
[White "Atanasov,Anthony"]
[Black "Nakamura,Hi"]
[Result "0-1"]
[WhiteElo "2415"]
[BlackElo "2802"]

1.e4 c5 2.Nf3 g6 3.d4 cxd4 4.Qxd4 Nf6 5.Nc3 Nc6 6.Qa4 Bg7 7.e5 Ng8 8.Bf4 f6
9.exf6 Nxf6 10.Bc4 d5 11.O-O-O e6 12.Nxd5 Nxd5 13.Bxd5 exd5 14.Rhe1+ Kf8
15.Qb3 Qf6 16.Bg5 Qf7 17.Bd2 h6 18.Bb4+ Kg8 19.Bc3 Bxc3 20.Qxc3 Bg4 21.h3 Bxf3
22.gxf3 Kh7 23.Qb3 Rad8 24.Rd3 Rd7 25.Red1 Rhd8 26.Kb1 Ne5 27.Re3 Nc4 28.Red3 Rd6
29.Qc3 Qf6 30.Rd4 Ne5 31.f4 Nc6  0-1

[Event "Titled Tue 3rd Dec Late"]
[Site "chess.com INT"]
[Date "2024.12.03"]
[Round "11"]
[White "Dardha,Daniel"]
[Black "Nakamura,Hi"]
[Result "0-1"]
[WhiteElo "2639"]
[BlackElo "2802"]

1.c4 g6 2.Nc3 Bg7 3.d4 d6 4.e4 Nd7 5.Nf3 e5 6.Be2 Ne7 7.h4 h5 8.Bg5 c6 9.Qd2 Qc7
10.O-O-O b6 11.Kb1 Bb7 12.d5 c5 13.Nh2 f6 14.Be3 O-O-O 15.Nf1 a6 16.Ka1 Kb8
17.f3 f5 18.Bg5 Bf6 19.Ne3 Rdf8 20.Rb1 Bxg5 21.hxg5 f4 22.Nc2 Nc8 23.b4 Qd8
24.a4 Rh7 25.a5 bxa5 26.b5 Ka8 27.Na4 Rff7 28.Na3 Nb8 29.b6 Nd7 30.Qxa5 Kb8
31.Rb2 Qxg5 32.Bd3 h4 33.Nc3 h3 34.gxh3 Qg3 35.Rf1 Rxh3 36.Nab5 axb5 37.Nxb5 Rfh7
38.Ra2 Ndxb6 39.Nxd6 Rh1 40.Nxc8 Rxf1+ 41.Bxf1 Nxc8 42.Qxc5 Qe1+ 43.Kb2 Rh2+
44.Ka3 Qc3+  0-1

[Event "Titled Tue 3rd Dec Early"]
[Site "chess.com INT"]
[Date "2024.12.03"]
[Round "11"]
[White "Nakamura,Hi"]
[Black "Naroditsky,D"]
[Result "1-0"]
[WhiteElo "2802"]
[BlackElo "2619"]

1.e4 c5 2.Nf3 Nf6 3.e5 Nd5 4.Nc3 e6 5.Bc4 Nb6 6.Bd3 Nc6 7.Be4 Qc7 8.O-O Nxe5
9.Nb5 Nxf3+ 10.Qxf3 Qd8 11.d4 d5 12.Qg3 dxe4 13.Nc7+ Kd7 14.Nxa8 Nxa8 15.dxc5 Kc6
16.b4 b6 17.Qb8 Nc7 18.c4 b5 19.Bf4 Bxc5 20.cxb5+ Nxb5 21.Rac1 Bb7 22.Rxc5+ Kb6
23.Rxb5+  1-0

[Event "Titled Tue 10th Dec Early"]
[Site "chess.com INT"]
[Date "2024.12.10"]
[Round "1"]
[White "Zenelaj,Samuel"]
[Black "Nakamura,Hi"]
[Result "0-1"]
[WhiteElo "2230"]
[BlackElo "2802"]

1.e4 g6 2.d4 c6 3.h3 d6 4.Nf3 Bg7 5.Bd3 Nf6 6.O-O O-O 7.Re1 Nfd7 8.c3 c5
9.Bf4 cxd4 10.cxd4 Nc6 11.e5 dxe5 12.dxe5 Nc5 13.Bc4 Nb4 14.Be3 Ncd3 15.Re2 Nxe5
16.Rd2 Nxf3+ 17.Qxf3 Qc7 18.Na3 Bd7 19.Rad1 Bc6 20.Qg4 a5 21.Nb5 Qe5 22.Bd4 Qf5
23.Qxf5 gxf5 24.Bxg7 Kxg7 25.Nd4 Kf6 26.a3 Na6 27.Nxc6 bxc6 28.Rd7 Nc5 29.Rc7 Rfc8
30.Rxc8 Rxc8 31.b4 axb4 32.axb4 Ne4 33.Rd7 Rb8 34.Rc7 Rxb4 35.Rxc6+ e6 36.Bd3 Ng5
37.Rc2 h5 38.Kh2 h4 39.Be2 Nh7 40.Bh5 Rb7 41.Rd2 Kg5 42.Bf3 Ra7 43.Rd8 Nf6
44.Rd2 e5 45.Bc6 Rc7 46.Bb5 e4 47.Rd8 Rc2 48.Kg1 Rc5 49.Be2 Rc1+ 50.Kh2 Rc2
51.f4+ Kxf4 52.Bb5 Kg5 53.Rf8 Nh5 54.Rxf7 Ng3 55.Bd7 Rc1 56.Rg7+ Kf4 57.Rxg3 hxg3+  0-1

[Event "Titled Tue 10th Dec Late"]
[Site "chess.com INT"]
[Date "2024.12.10"]
[Round "1"]
[White "Nakamura,Hi"]
[Black "Guimaraes,D"]
[Result "1-0"]
[WhiteElo "2802"]
[BlackElo "2299"]

1.a4 e5 2.e4 Nf6 3.Nc3 Nc6 4.Bc4 Nxe4 5.Nxe4 d5 6.Bd3 dxe4 7.Bxe4 Ne7 8.c3 f5
9.Bc2 Be6 10.Qe2 Ng6 11.d4 Qd6 12.Nf3 e4 13.Ng5 Bg8 14.f3 h6 15.Nh3 O-O-O
16.fxe4 fxe4 17.Qxe4 Bd5 18.Qxg6 Bxg2 19.Qxg2 Re8+ 20.Kd1 Be7 21.Bd3 Bf6
22.Kc2 Re7 23.Bd2 Rhe8 24.Rhe1  1-0

[Event "Titled Tue 10th Dec Late"]
[Site "chess.com INT"]
[Date "2024.12.10"]
[Round "2"]
[White "Poltorak,Sebastian"]
[Black "Nakamura,Hi"]
[Result "0-1"]
[WhiteElo "2399"]
[BlackElo "2802"]

1.e4 a6 2.g3 c5 3.Bg2 g6 4.Ne2 Bg7 5.O-O Nc6 6.d3 d6 7.h3 Nf6 8.Nbc3 O-O
9.g4 Rb8 10.Ng3 b5 11.g5 Nd7 12.f4 b4 13.Nce2 a5 14.h4 a4 15.Rb1 Ba6 16.b3 axb3
17.axb3 Nd4 18.Bb2 Bb7 19.Qd2 Ra8 20.Nxd4 cxd4 21.Qxb4 Rb8 22.Qd2 Qc7 23.f5 Rbc8
24.Rbc1 d5 25.Ne2 dxe4 26.dxe4 Rfd8 27.Nxd4 Nc5 28.f6 exf6 29.gxf6 Bf8 30.Qf4 Qxf4
31.Rxf4 Bh6 32.Rcf1 Bxf4 33.Rxf4 Rxd4 34.Bxd4 Ne6 35.Bh3 Nxf4 36.Bxc8 Bxc8
37.Kf2 Ne6 38.Bb6 Kf8 39.Ke3 Ke8 40.c4 g5 41.hxg5 Nxg5 42.b4 Bh3 43.Kf4 Ne6+
44.Ke5 Bf1 45.Kd5 Kd7 46.b5 h5 47.Bf2 Nf4+ 48.Kd4 Ng6 49.b6 Kc6 50.c5 h4
51.e5 Bh3 52.b7 Kxb7 53.Kd5 Be6+ 54.Kd6 h3 55.Bg3 Kc8 56.c6 Nh4 57.Ke7 Nf3  0-1

[Event "Titled Tue 10th Dec Early"]
[Site "chess.com INT"]
[Date "2024.12.10"]
[Round "2"]
[White "Nakamura,Hi"]
[Black "Antoniou,Rafail"]
[Result "1-0"]
[WhiteElo "2802"]
[BlackElo "2051"]

1.b3 d5 2.Bb2 e6 3.e3 Nf6 4.Nf3 Be7 5.d4 O-O 6.c4 b6 7.cxd5 Nxd5 8.e4 Nf6
9.Bd3 c5 10.dxc5 bxc5 11.Qe2 Nc6 12.O-O Bb7 13.Rd1 Qc7 14.Na3 Rad8 15.Rac1 Nb4
16.Bb1 Qf4 17.Re1 Ba6 18.Nc4 Nc6 19.g3 Qg4 20.Kg2 Qh5 21.h3 Bb7 22.g4 Nxg4
23.hxg4 Qxg4+ 24.Kh1 Nd4 25.Nxd4 Qh3+ 26.Kg1 cxd4 27.Qd3 Qh5 28.Qg3 f5 29.Na5 Bxe4
30.Bxe4 fxe4 31.Nc6 Bd6 32.Qg2 e3 33.Bxd4 exf2+ 34.Bxf2 Rde8 35.Rc3 Rf5 36.Rh3 Qf7
37.Nd4 Rf4 38.Rf3 Rf8 39.Rxf4  1-0

[Event "Titled Tue 10th Dec Early"]
[Site "chess.com INT"]
[Date "2024.12.10"]
[Round "3"]
[White "Grover,S"]
[Black "Nakamura,Hi"]
[Result "1-0"]
[WhiteElo "2460"]
[BlackElo "2802"]

1.e4 c6 2.d4 d5 3.e5 g6 4.h4 h5 5.Bg5 Qb6 6.Nc3 Nh6 7.Qd2 Qxb2 8.Rb1 Qa3
9.Nge2 Na6 10.Nf4 Nc7 11.Nd3 b6 12.Nb4 Bd7 13.Rh3 Bxh3 14.gxh3 Kd7 15.Nxc6 Kxc6
16.Nb5 Qa5 17.Qxa5 bxa5 18.Rb3 Nxb5 19.Bxb5+ Kc7 20.Rc3+ Kd8 21.Rc5 Nf5 22.Bd2 Rc8
23.Bxa5+ Rc7 24.Bxc7+ Kc8 25.Ba6+ Kd7 26.Bb5+ Kc8 27.Ba5+ Kb7 28.Rc7+ Kb8
29.Ba6 Bh6 30.Rb7+ Ka8 31.Rd7 Rb8 32.c3 Nxh4 33.Rxd5 Ng2+ 34.Kd1 Nf4 35.Rd7 e6
36.Bc7 Rg8 37.Bd6 Rb8 38.Bxb8 Kxb8 39.Rb7+ Kc8 40.Rxf7+ Kd8 41.h4 g5 42.Rf6 Bg7
43.Rf7 Bh6 44.Rh7 Bf8 45.hxg5 Be7 46.Rf7 Bxg5 47.Kc2 h4 48.Bb7 Ke8 49.Rh7 Kf8
50.Be4 h3 51.Rxa7 Kg8 52.Rh7 Bd8 53.a4 Ba5 54.Rh4 Ne2 55.Rxh3 Kf7 56.Re3 Ng1
57.Bg2 Ke7 58.Re1  1-0

[Event "Titled Tue 10th Dec Late"]
[Site "chess.com INT"]
[Date "2024.12.10"]
[Round "3"]
[White "Nakamura,Hi"]
[Black "Daggupati,Balaji"]
[Result "1-0"]
[WhiteElo "2802"]
[BlackElo "2465"]

1.b3 e5 2.Bb2 Nc6 3.e3 Nf6 4.Bb5 e4 5.f3 a6 6.Bxc6 dxc6 7.Nc3 Bf5 8.fxe4 Nxe4
9.Nf3 Bd6 10.Ne2 O-O 11.O-O Bc5 12.Kh1 Bg6 13.Nf4 Qe7 14.d3 Nf6 15.e4 Nh5
16.Nxg6 hxg6 17.Qd2 Rad8 18.Rae1 Bb4 19.c3 Ba3 20.Ba1 c5 21.Qe3 Qd6 22.Rd1 Qf4
23.Qe1 Qh6 24.c4 Bb4 25.Qf2 Ba5 26.Bb2 c6 27.g4 Nf4 28.Bc1 Bc7 29.e5 g5 30.Bxf4 gxf4
31.Qxc5 Qg6 32.d4 Qxg4 33.Qb4 b6 34.Qc3 f6 35.exf6 Rxf6 36.Rg1 Qh5 37.Rg5 Qh6
38.Rdg1 Re8 39.d5 Re3 40.Rxg7+ Kf8 41.Rg8+ Ke7 42.Qd4 c5 43.d6+ Bxd6 44.Qd5 Rf7
45.R8g6  1-0

[Event "Titled Tue 10th Dec Late"]
[Site "chess.com INT"]
[Date "2024.12.10"]
[Round "4"]
[White "Amburgy,Ryan"]
[Black "Nakamura,Hi"]
[Result "0-1"]
[WhiteElo "2239"]
[BlackElo "2802"]

1.d4 g6 2.e4 c5 3.d5 d6 4.Nc3 a6 5.a4 Bg7 6.Nf3 Bg4 7.Be2 Bxf3 8.Bxf3 Nd7
9.O-O Ngf6 10.h3 O-O 11.Re1 Ne8 12.Be2 Nc7 13.Bc4 b6 14.Qe2 Qb8 15.Bg5 Re8
16.Ra3 Qb7 17.Rb3 Rab8 18.Bf4 Ne5 19.Bxe5 Bxe5 20.Qd3 Qa7 21.g3 Bg7 22.Kg2 Rb7
23.Ra1 Ra8 24.f4 Qb8 25.Qe2 Qd8 26.Rd1 Qd7 27.Ra1 Bd4 28.Qg4 Qxg4 29.hxg4 Rab8
30.Be2 b5 31.axb5 axb5 32.Nd1 h6 33.Rf3 Kg7 34.Ra5 Bf6 35.Re3 Bd4 36.Rf3 e6
37.dxe6 fxe6 38.Nf2 Bxb2 39.e5 dxe5 40.fxe5 Bxe5 41.Ne4 Rb6 42.Nxc5 Rd8 43.Nd3 Bd4
44.Rf4 e5 45.Rf1 Rc6 46.Bd1 Nd5 47.Kf3 Rf6+ 48.Ke2 Nc3+ 49.Ke1 Rxf1+ 50.Kxf1 Nxd1
51.Rxb5 Ne3+ 52.Ke2 Nxc2 53.Rb7+ Kg8 54.Nf2 Bxf2  0-1

[Event "Titled Tue 10th Dec Early"]
[Site "chess.com INT"]
[Date "2024.12.10"]
[Round "4"]
[White "Nakamura,Hi"]
[Black "Belov,Alexe"]
[Result "1-0"]
[WhiteElo "2802"]
[BlackElo "2421"]

1.h4 d5 2.d4 Nf6 3.c4 e6 4.Nc3 Be7 5.h5 h6 6.cxd5 exd5 7.e3 c6 8.Bd3 Bg4
9.f3 Bxh5 10.g4 Bg6 11.Bxg6 fxg6 12.Qc2 Kf7 13.Nge2 g5 14.Bd2 Na6 15.O-O-O Nb4
16.Qb1 c5 17.a3 Nc6 18.dxc5 Bxc5 19.Qa2 Re8 20.Kb1 Kf8 21.e4 d4 22.Qc4 Bb6
23.Nd5 Nxd5 24.exd5 Ne5 25.Qb3 Kg8 26.Ng3 Qd7 27.Nf5 Rad8 28.d6+ Qe6 29.Qxe6+ Rxe6
30.f4 Nxg4 31.fxg5 Nf2 32.Rde1 Rexd6 33.Rh4 Rg6 34.Ne7+ Kf7 35.Rf4+  1-0

[Event "Titled Tue 10th Dec Early"]
[Site "chess.com INT"]
[Date "2024.12.10"]
[Round "5"]
[White "Moldagali,Beksultan"]
[Black "Nakamura,Hi"]
[Result "0-1"]
[WhiteElo "2398"]
[BlackElo "2802"]

1.e4 a5 2.d4 c6 3.Nf3 d6 4.a4 g6 5.Be2 Bg7 6.O-O Nf6 7.Nc3 O-O 8.h3 Na6 9.Be3 Nb4
10.Qc1 Re8 11.Rd1 Qc7 12.e5 dxe5 13.dxe5 Nd7 14.e6 fxe6 15.Bh6 e5 16.Bc4+ e6
17.Ne4 Nd5 18.h4 N7f6 19.Nxf6+ Bxf6 20.h5 e4 21.Nd4 gxh5 22.Re1 Bxd4 23.Qg5+ Kh8
24.Rxe4 Bf6 25.Qxh5 Rg8 26.Bd3 b6 27.Rae1 Ra7 28.Rg4 Rxg4 29.Qxg4 Qf7 30.c4 Nb4
31.Bb1 Rd7 32.Qe4 Bd4 33.Bf4 Kg8 34.Bg3 e5 35.Kh2 Qh5+ 36.Kg1 Rf7 37.c5 Bf5
38.Qe2 Qxe2  0-1

[Event "Titled Tue 10th Dec Late"]
[Site "chess.com INT"]
[Date "2024.12.10"]
[Round "5"]
[White "Nakamura,Hi"]
[Black "Rustemov,A"]
[Result "1-0"]
[WhiteElo "2802"]
[BlackElo "2525"]

1.b3 d5 2.Bb2 Nf6 3.g3 Bf5 4.d3 e6 5.Nd2 h6 6.Bg2 Be7 7.e4 Bh7 8.Nh3 O-O
9.O-O c6 10.Qe2 Nbd7 11.f4 a5 12.a3 Qc7 13.Nf2 a4 14.b4 c5 15.b5 Nb6 16.e5 Nfd7
17.c4 Rae8 18.Bh3 Kh8 19.Rfe1 Bd8 20.Nf3 f6 21.Rad1 d4 22.exf6 Bxf6 23.Ng4 Bf5
24.Nxf6 Nxf6 25.Bg2 Ng4 26.Bc1 e5 27.Nh4 Ne3 28.Bxe3 dxe3 29.Qxe3 Bh7 30.fxe5 Nd7
31.e6 Nf6 32.Qe5 Qxe5 33.Rxe5 b6 34.d4 cxd4 35.Rxd4 g5 36.Nf3 Re7 37.Rd6 Rb8
38.Nd4 Ng4 39.Re1 Rc8 40.Nc6 Ree8 41.e7 Kg7 42.Rd8 Nf6 43.c5 bxc5 44.b6 c4
45.b7  1-0

[Event "Titled Tue 10th Dec Early"]
[Site "chess.com INT"]
[Date "2024.12.10"]
[Round "6"]
[White "Dubnevych,Maksym"]
[Black "Nakamura,Hi"]
[Result "0-1"]
[WhiteElo "2280"]
[BlackElo "2802"]

1.e4 a5 2.d4 e6 3.Nf3 d5 4.e5 c5 5.Nbd2 a4 6.c3 Nc6 7.Bd3 a3 8.bxa3 c4 9.Bc2 Bxa3
10.O-O h6 11.Bxa3 Rxa3 12.Nb1 Ra7 13.a4 Nge7 14.Na3 O-O 15.Nb5 Ra6 16.Nh4 f5
17.exf6 Rxf6 18.Qh5 Bd7 19.Rae1 Na7 20.Nxa7 Rxa7 21.Qg4 Bxa4 22.Bb1 Be8 23.Nf3 Ra3
24.Re3 Qa5 25.Qg3 Rxc3 26.Qb8 Rf8 27.Qd6 Nc6 28.Qxe6+ Bf7 29.Qf5 g6 30.Qh3 Rxe3
31.Qxh6 Re7 32.Ng5 Be8 33.Bxg6 Qc7 34.Bb1 Rg7 35.Re1 Nd8 36.Re3 Qf4 37.Rf3 Qc1+  0-1

[Event "Titled Tue 10th Dec Late"]
[Site "chess.com INT"]
[Date "2024.12.10"]
[Round "6"]
[White "Mahdavi,Reza"]
[Black "Nakamura,Hi"]
[Result "1-0"]
[WhiteElo "2394"]
[BlackElo "2802"]

1.e4 g6 2.d4 c5 3.dxc5 Qa5+ 4.c3 Qxc5 5.Na3 Bg7 6.Nf3 d6 7.Nb5 a6 8.Be3 Qc6
9.Qd5 Qd7 10.Bc4 e6 11.Nxd6+ Ke7 12.Qc5 Qxd6 13.Qxc8 Nh6 14.Qxb7+ Nd7 15.Rd1 Rhb8
16.Qxa8 Qxd1+ 17.Kxd1 Rxa8 18.h3 Ng8 19.Kc2 Bh6 20.Bxh6 Nxh6 21.Nd4 Kd6 22.Rd1 Kc7
23.b4 Ng8 24.a4 Ngf6 25.f3 Nh5 26.a5 Nf4 27.Bf1 g5 28.Nb3 h5 29.g3 Ng6 30.Bxa6 h4
31.gxh4 Nde5 32.Be2 Nf4 33.Bf1 gxh4 34.b5 Nxf3 35.b6+ Kc6 36.Rb1 e5 37.a6 Rg8
38.Na5+ Kc5 39.b7  1-0

[Event "Titled Tue 10th Dec Late"]
[Site "chess.com INT"]
[Date "2024.12.10"]
[Round "7"]
[White "Nakamura,Hi"]
[Black "Tang,Andrew"]
[Result "1-0"]
[WhiteElo "2802"]
[BlackElo "2527"]

1.b3 d5 2.Bb2 c5 3.d3 Nc6 4.Nf3 Nf6 5.g3 g6 6.Bxf6 exf6 7.e3 Bg7 8.c3 O-O
9.d4 Qe7 10.Bg2 Rd8 11.O-O b6 12.a3 Ba6 13.Re1 Na5 14.Nbd2 Rac8 15.b4 Nc4
16.Qa4 Nxd2 17.Qxa6 Ne4 18.Rac1 Rc7 19.c4 cxb4 20.axb4 Qxb4 21.cxd5 Rxc1
22.Rxc1 Nc3 23.Bf1 Nxd5 24.Qxa7 Qe7 25.Qxe7 Nxe7 26.Rc7 Bf8 27.Rb7 Rd6 28.Nd2 Rc6
29.Bc4 Kg7 30.Kf1 h5 31.Ke2 f5 32.Kd3 Rf6 33.Nf3 Nc6 34.Rc7 Nb4+ 35.Ke2 Rc6
36.Rxf7+ Kg8 37.Ne5 Rxc4 38.Rxf8+ Kxf8 39.Nxc4 Nd5 40.h4 Ke7 41.Kd3 b5 42.Ne5 Kf6
43.f3 b4 44.e4 Ne7 45.Nc4 g5 46.hxg5+ Kxg5 47.d5 fxe4+ 48.fxe4 Kg4 49.Ne5+ Kxg3
50.d6 Nc8 51.d7  1-0

[Event "Titled Tue 10th Dec Early"]
[Site "chess.com INT"]
[Date "2024.12.10"]
[Round "7"]
[White "Nakamura,Hi"]
[Black "Galchenko,Matvey"]
[Result "0-1"]
[WhiteElo "2802"]
[BlackElo "2438"]

1.h4 e5 2.c4 c6 3.d4 exd4 4.Qxd4 d5 5.Nc3 Nf6 6.Bg5 dxc4 7.Qxc4 Be6 8.Qa4 h6
9.Rd1 Nbd7 10.Bc1 Qb6 11.Nf3 Bb4 12.e3 Nc5 13.Qc2 Bxa2 14.Nd4 Bd5 15.f3 O-O
16.Be2 Rfe8 17.O-O Rad8 18.Nxd5 Nxd5 19.e4 Ne6 20.Qc4 Nxd4 21.Rxd4 Bc5 22.exd5 Bxd4+
23.Kh1 cxd5 24.Qd3 Qf6 25.g3 Bxb2 26.Bd2 Qe6 27.Rf2 Qh3+ 28.Rh2 Qxg3 29.Qf5 Bd4
30.Rg2 Qxh4+ 31.Rh2 Qf6 32.Qg4 Be3 33.Bb4 Qa1+ 34.Kg2 Qg1+ 35.Kh3 Qxg4+ 36.fxg4 Re4
37.Bc3 Bf4  0-1

[Event "Titled Tue 10th Dec Late"]
[Site "chess.com INT"]
[Date "2024.12.10"]
[Round "8"]
[White "Aravindh,Chithambaram VR."]
[Black "Nakamura,Hi"]
[Result "0-1"]
[WhiteElo "2718"]
[BlackElo "2802"]

1.Nf3 g6 2.e3 Bg7 3.d4 d6 4.c4 Nf6 5.Nc3 O-O 6.Be2 Nbd7 7.O-O e5 8.b4 e4
9.Nd2 Re8 10.Qc2 Qe7 11.a4 h5 12.b5 a5 13.bxa6 bxa6 14.Ba3 c5 15.Nb3 Bb7
16.Rab1 Rab8 17.Rfe1 h4 18.h3 Rec8 19.Qd2 Qd8 20.Red1 Qc7 21.Qc2 cxd4 22.exd4 e3
23.fxe3 Re8 24.Bc1 Bh6 25.Qd3 Ne4 26.Rf1 Ng3 27.Rf2 Qd8 28.Bf3 Nf6 29.Bxb7 Rxb7
30.Rf3 Rbe7 31.e4 Bxc1 32.Rxc1 Nfxe4 33.Nd5 Rb7 34.Re1 f5 35.Rfe3 Kg7 36.Nd2 Rb2
37.Nxe4 Rxe4 38.Qc3 Ne2+ 39.R1xe2 Rxe2 40.Rxe2 Rxe2 41.Nf4 Re4 42.d5+ Qf6
43.Ne6+ Rxe6  0-1

[Event "Titled Tue 10th Dec Early"]
[Site "chess.com INT"]
[Date "2024.12.10"]
[Round "8"]
[White "Sokolovsky,Yahli"]
[Black "Nakamura,Hi"]
[Result "0-1"]
[WhiteElo "2512"]
[BlackElo "2802"]

1.b3 a5 2.Bb2 a4 3.b4 Nf6 4.e3 e6 5.a3 d5 6.c4 c5 7.bxc5 Bxc5 8.Nf3 Nc6 9.Nc3 d4
10.Nxa4 Ba7 11.c5 e5 12.Bb5 O-O 13.exd4 exd4 14.O-O Bg4 15.Qb3 Ne4 16.Bxc6 bxc6
17.Nxd4 Qg5 18.Qe3 Qg6 19.Rac1 Rae8 20.Rfe1 Bb8 21.d3 Nf6 22.Qd2 Bh3 23.g3 Nd5
24.Nb6 Bf4 25.Qc2 Bxc1 26.Rxc1 Nf4 27.Nd7 Nxd3 28.Nxf8 Qe4 29.f3 Qe1+  0-1

[Event "Titled Tue 10th Dec Late"]
[Site "chess.com INT"]
[Date "2024.12.10"]
[Round "9"]
[White "Nakamura,Hi"]
[Black "Xiong,Jeffery"]
[Result "0-1"]
[WhiteElo "2802"]
[BlackElo "2636"]

1.b3 d5 2.Bb2 Bf5 3.d3 e6 4.Nd2 h6 5.g3 Nf6 6.Bg2 Be7 7.e4 Bh7 8.Nh3 O-O
9.O-O a5 10.a3 dxe4 11.dxe4 a4 12.b4 c5 13.e5 Nfd7 14.b5 Nb6 15.Re1 c4 16.Ne4 Qxd1
17.Rexd1 N8d7 18.Nf4 Nc5 19.Nxc5 Bxc5 20.Rd2 Rad8 21.Re2 Rd7 22.Kf1 Rfd8
23.Ke1 c3 24.Bxc3 Nc4 25.Be4 Bxe4 26.Rxe4 Nxa3 27.Kf1 Nxb5 28.Be1 a3 29.Nd3 Bd4
30.Ra2 Ra8 31.Bb4 Rc7 32.Ke2 Bc3 33.Bd6 Rc6 34.Bc5 Bxe5 35.Bb4 Bc3 36.Bc5 Bb2
37.Bb4 Rxc2+ 38.Kf1 Nc3 39.Bxc3 Rxc3 40.Nxb2 Rc2 41.Rb4 Kh7 42.Kg2 Rxb2 43.Rxa3 Rxb4
44.Rxa8 h5 45.Rc8 Kg6 46.Rc7 Rb2 47.h4 b5 48.Rb7 b4 49.Kf3 b3 50.Ke3 e5 51.f3 Kf6
52.Rb6+ Kf5 53.Rb4 Rb1 54.Kf2 b2 55.Kg2 Ke6 56.g4 hxg4 57.fxg4 Kd5 58.h5 e4
59.g5 e3 60.h6 gxh6 61.gxh6 e2 62.h7 e1=Q 63.Rb5+ Kc4 64.h8=Q Qe2+ 65.Kg3 Rg1+
66.Kf4 Rg4+ 67.Kf5 Qe6+  0-1

[Event "Titled Tue 10th Dec Early"]
[Site "chess.com INT"]
[Date "2024.12.10"]
[Round "9"]
[White "Nakamura,Hi"]
[Black "Sieciechowicz,M"]
[Result "1-0"]
[WhiteElo "2802"]
[BlackElo "2401"]

1.a4 a5 2.d4 d5 3.c4 c6 4.Nc3 Nf6 5.cxd5 cxd5 6.Bf4 e6 7.e3 Bd6 8.Bd3 O-O
9.Nge2 Nc6 10.O-O Nb4 11.Rc1 Nxd3 12.Qxd3 Bxf4 13.Nxf4 Bd7 14.Qb1 Qb6 15.Nd3 Bc6
16.Rc2 Rfc8 17.Rfc1 h6 18.b3 Qd8 19.f3 Be8 20.Qb2 Rc7 21.Ne2 Rac8 22.g4 Rxc2
23.Rxc2 Rxc2 24.Qxc2 b5 25.Nef4 bxa4 26.bxa4 Qb8 27.h4 g5 28.hxg5 hxg5 29.Ne2 Kg7
30.Kg2 Qb6 31.Ng3 Qc6 32.Nc5 Qb6 33.Qd2 Qb4 34.Qxb4 axb4 35.a5 Nd7 36.Na6 b3
37.Ne2 Kf6 38.Nc3 Ke7 39.Nb4 Nb8 40.a6 Nc6 41.Nd3 Kd8 42.Nc5 b2 43.N5a4 Kc7
44.Nb5+ Kb8 45.Nxb2 f6 46.Nd3 Na7 47.Nd6 Bd7 48.Nc5 Kc7 49.Nf7 Kb6 50.Nxd7+  1-0

[Event "Titled Tue 10th Dec Early"]
[Site "chess.com INT"]
[Date "2024.12.10"]
[Round "10"]
[White "Yeletsky,Ivan"]
[Black "Nakamura,Hi"]
[Result "0-1"]
[WhiteElo "2469"]
[BlackElo "2802"]

1.e4 a5 2.d4 c6 3.Bd3 d6 4.Nc3 b5 5.a4 b4 6.Nce2 e5 7.Nf3 Nd7 8.O-O Ngf6
9.Ng3 g6 10.c3 Be7 11.Bh6 bxc3 12.bxc3 Ng4 13.Bd2 O-O 14.h3 Ngf6 15.Re1 Ba6
16.Bh6 Re8 17.Rb1 Bxd3 18.Qxd3 Qc7 19.Rbd1 Nb6 20.Qc2 c5 21.dxe5 dxe5 22.c4 Nfd7
23.Nf1 Qc6 24.Ra1 Bf8 25.Bd2 Nf6 26.Bg5 Nh5 27.Ne3 f6 28.Bh4 Ng7 29.Nd5 Nd7
30.Rab1 Be7 31.Rb5 Ne6 32.Reb1 Bd8 33.Rb7 Rf8 34.R1b5 Rf7 35.Qd2 Kg7 36.Bg3 Bc7
37.Nh2 h5 38.Nf3 Bd8 39.Qc2 Rc8 40.Ra7 Ra8 41.Rab7 Nd4 42.Nxd4 cxd4 43.f4 Rc8
44.fxe5 fxe5 45.Rxd7 Rxd7 46.Bxe5+ Kh7 47.c5 Qe6 48.Bxd4 Qf7 49.Qd3 Bh4 50.Qf3 Qe6
51.Rb6 Qf7 52.Nf6+ Bxf6 53.Rxf6 Qc4 54.Be3 Re8 55.c6 Rg7 56.e5 Rxe5 57.Bf4 Re1+
58.Kh2 Rf1 59.Qe3 Qc2 60.Bh6 Rxf6 61.Bxg7 Kxg7 62.Qe7+ Rf7 63.Qe5+ Kh7 64.Qe6 Qf5  0-1

[Event "Titled Tue 10th Dec Late"]
[Site "chess.com INT"]
[Date "2024.12.10"]
[Round "10"]
[White "Yoo,Christopher Woojin"]
[Black "Nakamura,Hi"]
[Result "0-1"]
[WhiteElo "2588"]
[BlackElo "2802"]

1.d4 g6 2.e4 c5 3.dxc5 Qa5+ 4.Bd2 Qxc5 5.Bc3 Nf6 6.Nd2 Bg7 7.Nb3 Qc7 8.Nf3 O-O
9.Bd3 d6 10.O-O e5 11.Re1 Nbd7 12.Bf1 b6 13.a4 Bb7 14.Nfd2 d5 15.Bb4 Rfd8
16.exd5 Nxd5 17.Ba3 Rac8 18.Nc4 Nc5 19.Nxc5 bxc5 20.Qg4 f5 21.Qg3 Nf4 22.b3 e4
23.Bb2 Bd4 24.Rad1 Ba6 25.Bc1 Ne6 26.Qxc7 Rxc7 27.Bb2 Rcd7 28.Ne5 Bxe5 29.Rxd7 Rxd7
30.Bxe5 Bxf1 31.Kxf1 Kf7 32.f3 exf3 33.gxf3 g5 34.Ke2 Rd5 35.Bc3 Nf4+ 36.Kf2 Ng6
37.Re3 a6 38.Re1 h5 39.Rb1 g4 40.b4 cxb4 41.Rxb4 Rc5 42.Rb7+ Ke8 43.Rb6 Nf4
44.Bb4 Rxc2+ 45.Kg3 Nd5 46.Re6+ Kf7 47.Rxa6 Nxb4 48.Ra5 Kg6 49.fxg4 hxg4
50.Rb5 Nd3 51.a5 Ra2  0-1

[Event "Titled Tue 10th Dec Late"]
[Site "chess.com INT"]
[Date "2024.12.10"]
[Round "11"]
[White "Nakamura,Hi"]
[Black "Maurizzi,Marc'Andria"]
[Result "1-0"]
[WhiteElo "2802"]
[BlackElo "2576"]

1.b3 e5 2.Bb2 Nc6 3.e3 d5 4.Bb5 Ne7 5.Bxe5 a6 6.Bxc6+ Nxc6 7.Bb2 Qg5 8.Kf1 Bg4
9.Nf3 Qh6 10.h3 Bh5 11.d4 O-O-O 12.Nbd2 Bb4 13.c3 Be7 14.c4 Rhe8 15.cxd5 Rxd5
16.Rc1 f5 17.a3 g5 18.Qc2 g4 19.hxg4 fxg4 20.Ne5 Nxe5 21.Qxc7+  1-0